Book & Author by famous incipit - Statistics

General Stats
  • This quiz has been taken 34 times
  • The average score is 28 of 62
Answer Stats
Hint Author & Book Name % Correct
“Lolita, light of my life, fire of my loins. My sin, my soul.” Lolita
83%
“Call me Ishmael.” Moby-Dick
83%
“In a hole in the ground there lived a hobbit.” The Hobbit
80%
Franz Kafka
77%
Franz Kafka
77%
Charles Dickens
73%
Charles Dickens
73%
“In a village of La Mancha, the name of which I have no desire to call to mind, there lived not long since one of those gentlemen that keep a lance in the lance-rack…” Don Quixote
73%
Jane Austen
73%
J.R.R. Tolkien
73%
“It is a truth universally acknowledged, that a single man in possession of a good fortune, must be in want of a wife.” Pride and Prejudice
73%
“It was a bright cold day in April, and the clocks were striking thirteen.” 1984
70%
George Orwell
70%
“It was the best of times, it was the worst of times…” A Tale of Two Cities
67%
Herman Melville
67%
“As Gregor Samsa awoke one morning from uneasy dreams he found himself transformed in his bed into a gigantic insect.” The Metamorphosis
67%
“He was an old man who fished alone in a skiff in the Gulf Stream and he had gone eighty-four days now without taking a fish.” The Old Man and the Sea
67%
“All happy families are alike; each unhappy family is unhappy in its own way.” Anna Karenina
63%
Ernest Hemingway
63%
Vladimir Nabokov
63%
Charlotte Brontë
60%
Emily Brontë
60%
“It was a pleasure to burn.” Fahrenheit 451
60%
Leo Tolstoy
60%
Miguel de Cervantes
57%
“Someone must have been telling lies about Josef K., he knew he had done nothing wrong but, one morning, he was arrested.” The Trial
53%
“There was no possibility of taking a walk that day.” Jane Eyre
47%
“To the red country and part of the gray country of Oklahoma, the last rains came gently, and they did not cut the scarred earth.” The Grapes of Wrath
47%
Gabriel García Márquez
43%
“The boy with fair hair lowered himself down the last few feet of rock and began to pick his way toward the lagoon.” Lord of the Flies
43%
Ray Bradbury
43%
“1801. I have just returned from a visit to my landlord – the solitary neighbour that I shall be troubled with.” Wuthering Heights
43%
“I am an invisible man.” Invisible Man
40%
John Steinbeck
40%
“If you really want to hear about it, the first thing you'll probably want to know is where I was born…” The Catcher in the Rye
40%
J.D. Salinger
37%
Albert Camus
33%
“Whether I shall turn out to be the hero of my own life, or whether that station will be held by anybody else, these pages must show.” David Copperfield
33%
“Mother died today. Or, maybe, yesterday; I can’t be sure.” The Stranger (L’Étranger)
33%
“Many years later, as he faced the firing squad, Colonel Aureliano Buendía was to remember that distant afternoon when his father took him to discover ice.” One Hundred Years of Solitude
33%
“Last night I dreamt I went to Manderley again.” Rebecca
33%
William Golding
33%
“A squat grey building of only thirty-four stories.” Brave New World
27%
Daphne du Maurier
27%
Joseph Conrad
27%
Sylvia Plath
27%
James Joyce
23%
Ralph Ellison
23%
“All this happened, more or less.” Slaughterhouse-Five
23%
“It was a queer, sultry summer, the summer they electrocuted the Rosenbergs.” The Bell Jar
23%
“Stately, plump Buck Mulligan came from the stairhead, bearing a bowl of lather…” Ulysses
23%
“It was love at first sight.” Catch-22
20%
“You will rejoice to hear that no disaster has accompanied the commencement of an enterprise which you have regarded with such evil forebodings.” Frankenstein
20%
“The Nellie, a cruising yawl, swung to her anchor without a flutter of the sails, and was at rest.” Heart of Darkness
20%
Mary Shelley
20%
Aldous Huxley
17%
Kurt Vonnegut
17%
Joseph Heller
13%
William Faulkner
13%
“What’s it going to be then, eh?” A Clockwork Orange
10%
“Through the fence, between the curling flower spaces, I could see them hitting.” The Sound and the Fury
10%
Anthony Burgess
7%
No matching quizzes found
Score Distribution
Percent of People with Each Score
Percentile by Number Answered
Your Score History
You have not taken this quiz